|
|
|
|
| LEADER |
00000cam a2200000 a 4500 |
| 001 |
UCV1073 |
| 003 |
CL-VaPUC |
| 005 |
20220319074459.0 |
| 008 |
890927e19880000SP |||||||||||||||||spa|d |
| 999 |
|
|
|c 209147
|d 209145
|
| 020 |
|
|
|a 8474239842v.1
|
| 020 |
|
|
|a 8474239850v.2
|
| 040 |
|
|
|c Pontificia Universidad Católica de Valparaíso
|
| 082 |
0 |
4 |
|a 170.9 CAM 1988
|2 21
|
| 100 |
0 |
|
|a Camps, Victoria
|e author
|9 295329
|
| 245 |
1 |
0 |
|a Historia de la ética
|
| 260 |
|
|
|a Barcelona, España
|b Crítica
|c 1988
|
| 300 |
|
|
|a 3 volúmenes
|
| 500 |
|
|
|a v.1: De los griegos al Renacimiento
|
| 500 |
|
|
|a v.2: La ética moderna
|
| 500 |
|
|
|a v.3: La ética contemporánea
|
| 583 |
|
|
|a last modification
|c 20150907 02:20:04
|k Rodrigo Vera
|
| 650 |
|
0 |
|a Ética
|9 255099
|
| 650 |
|
7 |
|a FILOSOFIA POLITICA
|2 CL-VaPUC
|9 295330
|
| 942 |
|
|
|c BK
|2 ddc
|
| 945 |
|
|
|d 19890927 00:00:00
|a aalvarez
|
| 952 |
|
|
|0 0
|1 0
|2 ddc
|4 0
|6 170_900000000000000_CAM_1988
|7 0
|8 DER_TF
|9 184352
|a BIBDER
|b BIBDER
|d 2019-11-14
|h v.1
|i 2516071
|l 1
|o 170.9 CAM 1988
|p 2516071
|r 2020-03-24
|s 2020-03-18
|t 2
|w 2019-11-14
|x Ubicación 4to Piso
|y BK
|z Estos recursos deben solicitarse con anticipación
|k DER
|
| 952 |
|
|
|0 0
|1 0
|2 ddc
|4 0
|6 170_900000000000000_CAM_1988
|7 0
|8 DER_TF
|9 184353
|a BIBDER
|b BIBDER
|d 2019-11-14
|h v.2
|i 251608K
|l 1
|o 170.9 CAM 1988
|p 251608K
|r 2020-03-24
|s 2020-03-18
|t 2
|w 2019-11-14
|x Ubicación 4to Piso
|y BK
|z Estos recursos deben solicitarse con anticipación
|k DER
|
| 952 |
|
|
|0 0
|1 0
|2 ddc
|4 0
|6 170_900000000000000_CAM_1988
|7 0
|8 DER_TF
|9 184354
|a BIBDER
|b BIBDER
|d 2019-11-14
|h v.3
|i 2516098
|l 1
|o 170.9 CAM 1988
|p 2516098
|r 2020-03-24
|s 2020-03-18
|t 3
|w 2019-11-14
|x Ubicación 4to Piso
|y BK
|z Estos recursos deben solicitarse con anticipación
|k DER
|
| 952 |
|
|
|0 0
|1 0
|2 ddc
|4 0
|6 170_900000000000000_CAM_1988
|7 0
|8 A
|9 184355
|a BIBTEO
|b BIBTEO
|d 2019-11-14
|h v.1
|i 2516101
|o 170.9 CAM 1988
|p 2516101
|r 2025-01-17
|t 3
|w 2019-11-14
|y BK
|k ICR
|
| 952 |
|
|
|0 0
|1 0
|2 ddc
|4 0
|6 170_900000000000000_CAM_1988
|7 0
|8 A
|9 184356
|a BIBTEO
|b BIBTEO
|d 2019-11-14
|h v.2
|i 251611K
|o 170.9 CAM 1988
|p 251611K
|r 2025-01-17
|t 3
|w 2019-11-14
|y BK
|k ICR
|
| 952 |
|
|
|0 0
|1 0
|2 ddc
|4 0
|6 170_900000000000000_CAM_1988
|7 0
|8 A
|9 184357
|a BIBTEO
|b BIBTEO
|d 2019-11-14
|h v.3
|i 2516128
|o 170.9 CAM 1988
|p 2516128
|r 2025-01-17
|t 4
|w 2019-11-14
|y BK
|k ICR
|
| 952 |
|
|
|0 0
|1 0
|2 ddc
|4 0
|6 170_900000000000000_CAM_1988
|7 0
|8 A
|9 184358
|a BIBEDU
|b BIBEDU
|d 2019-11-14
|h v.1
|i 158359K
|o 170.9 CAM 1988
|p 158359K
|r 2019-11-14
|t 4
|w 2019-11-14
|y BK
|k FIL
|
| 952 |
|
|
|0 0
|1 0
|2 ddc
|4 0
|6 170_900000000000000_CAM_1988
|7 0
|8 A
|9 184359
|a BIBTEO
|b BIBTEO
|d 2019-11-14
|h v.3
|i 4097920
|l 2
|m 15
|o 170.9 CAM 1988
|p 4097920
|q 2024-09-12
|r 2024-08-13
|s 2024-08-13
|t 5
|w 2019-11-14
|y BK
|k ICR
|
| 952 |
|
|
|0 0
|1 0
|2 ddc
|4 0
|6 170_900000000000000_CAM_1988
|7 0
|8 A
|9 184360
|a BIBCUR
|b BIBCUR
|d 2019-11-14
|h v.1
|i 4562135
|o 170.9 CAM 1988
|p 4562135
|r 2025-04-22
|t 1
|w 2019-11-14
|y BK
|k PER
|
| 952 |
|
|
|0 0
|1 0
|2 ddc
|4 0
|6 170_900000000000000_CAM_1988
|7 0
|8 A
|9 184361
|a BIBCUR
|b BIBCUR
|d 2019-11-14
|h v.2
|i 4562143
|o 170.9 CAM 1988
|p 4562143
|r 2025-04-22
|t 1
|w 2019-11-14
|y BK
|k PER
|
| 952 |
|
|
|0 0
|1 0
|2 ddc
|4 0
|6 170_900000000000000_CAM_1988
|7 0
|8 A
|9 184362
|a BIBCUR
|b BIBCUR
|d 2019-11-14
|h v.3
|i 4562151
|o 170.9 CAM 1988
|p 4562151
|r 2025-04-22
|t 1
|w 2019-11-14
|y BK
|k PER
|
| 952 |
|
|
|0 0
|1 0
|2 ddc
|4 0
|6 170_900000000000000_CAM_1988
|7 0
|8 A
|9 184363
|a BIBCUR
|b BIBCUR
|d 2019-11-14
|h v.3
|i 343835K
|o 170.9 CAM 1988
|p 343835K
|r 2025-04-22
|t 2
|w 2019-11-14
|y BK
|k PER
|
| 952 |
|
|
|0 0
|1 0
|2 ddc
|3 erb
|4 0
|6 170_900000000000000_CAM_1988
|7 0
|8 A
|9 184364
|a BIBEDU
|b BIBEDU
|h v.1
|i 5197635
|l 1
|o 170.9 CAM 1988
|p 5197635
|r 2023-10-31
|s 2023-09-28
|t 5
|w 2019-11-14
|y BK
|z Catalogado en:20150911
|k FIL
|
| 952 |
|
|
|0 0
|1 0
|2 ddc
|3 erb
|4 0
|6 170_900000000000000_CAM_1988
|7 0
|8 A
|9 184365
|a BIBEDU
|b BIBEDU
|h v.2
|i 5197643
|o 170.9 CAM 1988
|p 5197643
|r 2019-11-14
|t 4
|w 2019-11-14
|y BK
|z Catalogado en:20150911
|k FIL
|